Os 15 principais países com mortes por Covid19 - 8 de setembro 2021 - Statistics

Estatísticas Gerais
  • Esse quiz foi jogado 8 vezes
  • A pontuação média é 15 de 25
Estatísticas das Respostas
país % Correto
Alemanha
100%
Brasil
100%
Espanha
100%
Estados Unidos
100%
França
100%
Índia
100%
Rússia
100%
Itália
88%
México
88%
Reino Unido
88%
Argentina
75%
Colômbia
75%
Indonésia
63%
Irão
63%
Peru
63%
Bélgica
38%
Croácia
25%
Eslováquia
25%
Eslovénia
25%
Chéquia
13%
Hungria
13%
Paraguai
13%
Bósnia e Herzegovina
0%
Bulgária
0%
Macedónia do Norte
0%
Nenhum quiz correspondente encontrado
Distribuição das Pontuações
Porcentagem de Pessoas com Cada Pontuação
Percentil de Números Respondidos
Sua Pontuação Histórica
Você não jogou esse quiz